| 000 | 01016nam a22003017a 4500 | ||
|---|---|---|---|
| 999 |
_c19782 _d19782 |
||
| 005 | 20200104041758.0 | ||
| 008 | 170829b mx ||||| |||| 00| 0 spa d | ||
| 020 | _a9703220452 | ||
| 040 |
_aCO-BoIAVH _cCO-BoIAVH |
||
| 041 | _aspa | ||
| 044 | _amx | ||
| 082 |
_a333.95 _bU58b |
||
| 110 | _aUniversidad Nacional Autónoma de México | ||
| 245 | 1 | 0 | _aBiodiversidad de Oaxaca |
| 260 |
_aMéxico : _bUnam. Instituto de Biología, _c2004. |
||
| 300 |
_a605 páginas, [16] páginas de laminas: _bfotografías a color, mapas _c28 x 21 cm |
||
| 650 | 1 | 4 |
_aBiodiversidad _vConservación _xRecursos naturales _zOaxaca |
| 650 | 1 | 4 | _aGeología |
| 650 | 1 | 4 | _aSuelos |
| 650 | 1 | 4 | _aClima |
| 650 | 1 | 4 | _aEvolución floristica |
| 650 | 1 | 4 | _aFauna |
| 650 | 1 | 4 | _aFlora |
| 710 | _aUniversidad Autónoma de México | ||
| 710 | _aFondo Oaxaqueño para la Conservación de la Naturaleza | ||
| 710 | _aWorld Wildlife Fund | ||
| 942 |
_2ddc _cLIBRO |
||